000 00651nam a22002057a 4500
999 _c4696
_d4696
003 AR-CdUCM
008 190311b ||||| |||| 00| 0 spa d
040 _aMUNICIPALIDAD PROVINCIAL DEL CUSCO
_cBIBLIOTECA MUNICIPAL DEL CUSCO
082 _a985.009 /
_bG64
100 _aGonzales Viana, Eduardo
_914586
245 _aJose Abelardo Quiñones Gonzales :
_bLa Batalla del Lucero /
260 _aPerú :
_bJuan Mejía vaca,
_c1983.
300 _a101 paginas ;
_bIlustraciones,
_c20 cm.
505 _aObra
650 _aAbelardo Quiñones
_914587
650 _aAviación Peruana
_914588
650 _aCombate
_91267
942 _2ddc
_cLIBROS
945 _awnts